Ensamblajes: Proyectos ganadores, tendencias y paisajes tropicales en la Bienal Internacional de Arquitectura 1996-2018

Na minha lista:
Detalhes bibliográficos
Autor principal: Matamoros Alberty, Julio Manuel, 1995-
Outros Autores: Solano Meza, Natalia, 1980- Directora del TFG
Formato: Livro
Idioma:Spanish
Publicado em: [San José, Costa Rica] 2021
Assuntos:
Tags: Adicionar Tag
Sem tags, seja o primeiro a adicionar uma tag!

MARC

LEADER 00000nam a2200000Ia 4500
003 013494
005 20230331115508.0
008 140116s2021 cr a 000 ||spa d
040 |c cru CEDI 
100 |a Matamoros Alberty, Julio Manuel, 1995-  |9 301 
245 |a Ensamblajes: Proyectos ganadores, tendencias y paisajes tropicales en la Bienal Internacional de Arquitectura 1996-2018 
260 |a  [San José, Costa Rica]  |c 2021 
500 |a  Tesis (licenciatura en arquitectura)--Universidad de Costa Rica. Facultad de Ingeniería. Escuela de Arquitectura 
501 |a Directora de Tesis de Graduación: Dra. Natalia Solano-Meza 
650 |x ARQUITECTURA TROPICAL - PREMIOS - COSTA RICA   |x DISEÑO ARQUITECTONICO - COSTA RICA  |x ARQUITECTURA TROPICAL - COSTA RICA   |x ARQUITECTURA TROPICAL - COSTA RICA - DISEÑOS Y PLANOS 
700 |9 303  |a Solano Meza, Natalia, 1980-  |d Directora del TFG 
942 |c CEDI  |h TFG 8645  |6 TFG_8645_000000000000000 
999 |c 21996  |d 21996